000 00302nam a22001337a 4500
008 170915b xxu||||| |||| 00| 0 eng d
020 _a9780312466169
041 _aeng
080 _a7
100 _a44
101 _aART
245 _a250 POEMS A PORTABLE ANTHOLOGY
_cSCHAKEL.P
942 _2udc
_cBK
999 _c27803
_d27803